| 000 | 01666nam a22002057a 4500 | ||
|---|---|---|---|
| 999 |
_c357937 _d357937 |
||
| 003 | IT-MiCISF | ||
| 005 | 20180706120308.0 | ||
| 008 | 180706b ||||| |||| 00| 0 eng d | ||
| 040 | _cIT-MiCISF | ||
| 041 | _ait | ||
| 100 |
_aNovara Daniele, Regoliosi Luigi _957292 |
||
| 245 |
_aI bulli non sanno litigare _bInsegnare ai ragazzi a vivere con gli altri e a rispettarli |
||
| 260 |
_aMilano _bMondadori, Bur Rizzoli _c2018 |
||
| 300 | _app. 239 | ||
| 500 | _abullismo, educazione, scuola, problemi-educazione, prevenzione | ||
| 520 | _aI bulli non sanno litigare perché non sono stati educati al conflitto e alla cooperazione. Questa la tesi semplice e al contempo rivoluzionaria che ci aiuta a comprendere un fenomeno che si è evoluto insieme alla società e che presenta oggi nuove problematiche. Troppo spesso insegnanti e educatori non sanno come affrontare i casi di bullismo e non riescono a superare il senso di impotenza, ma la lunga esperienza pedagogica di Novara e psicologica di Regoliosi ci fornisce gli strumenti per orientarci nel vasto mondo dei comportamenti non funzionali e contrastarli prima che condizionino la vita degli uomini e delle donne che saranno i nostri figli, proponendo soluzioni sperimentate in particolare nell’ambito scolastico. Con un approfondimento specifico relativo alla moderna frontiera del cyberbullismo, negli ultimi anni in primo piano nel dibattito sociale, la nuova edizione aggiornata di un testo sempre più attuale, attraverso la quale acquisire un efficace approccio in ottica di prevenzione e riparazione al fenomeno bullismo. | ||
| 650 |
_aeducazione _956062 |
||
| 654 | _asaggio | ||
| 942 |
_2ddc _cBK |
||